[Event "European Youth Chess Championship G18"]
[Site "Prague, Top Hotel Prague"]
[Date "2016.08.21"]
[Round "4.15"]
[White "Pychova, Nela"]
[Black "Kyrkjebo, Marte B"]
[Result "1-0"]
[WhiteElo "2072"]
[BlackElo "1866"]
[PlyCount "101"]
[EventDate "2016.08.18"]

1. d4 d5 2. c4 c6 3. cxd5 cxd5 4. Nc3 Nf6 5. Bf4 e6 6. e3 Bd6 7. Bxd6 Qxd6 8.
f4 Nc6 9. Bd3 O-O 10. Nf3 b6 11. a3 Bb7 12. Ne5 Rfc8 13. Qf3 Ne7 14. O-O Ng6
15. g3 Qe7 16. h4 Nd7 17. Nxd7 Qxd7 18. f5 Nf8 19. f6 Qe8 20. fxg7 Ng6 21. h5
Ne7 22. Qf6 Nf5 23. Rf3 Qd7 24. Bxf5 exf5 25. Rxf5 Rc7 26. Raf1 Re8 27. Qg5 Qe6
28. Re5 Qd7 29. h6 Rxe5 30. Qxe5 Rc8 31. Qf4 Qe6 32. Rf3 Re8 33. Nb5 Qd7 34.
Nd6 Re7 35. Nf5 Re8 36. Qd6 Qxd6 37. Nxd6 Re7 38. Nxb7 Rxb7 39. Rf6 Rd7 40. Kf2
Rd8 41. Kf3 b5 42. e4 dxe4+ 43. Kxe4 a5 44. Rc6 b4 45. d5 f5+ 46. Ke5 Kf7 47.
Rf6+ Kg8 48. Rf8+ Rxf8 49. gxf8=Q+ Kxf8 50. Kd6 Ke8 51. Kc7 1-0

[Event "European Youth Chess Championship G18"]
[Site "Prague, Top Hotel Prague"]
[Date "2016.08.21"]
[Round "4.16"]
[White "Fuskova, Martina"]
[Black "Roklicer, Heike"]
[Result "1-0"]
[WhiteElo "2063"]
[BlackElo "1936"]
[PlyCount "119"]
[EventDate "2016.08.18"]

1. e4 c6 2. d4 d5 3. e5 Bf5 4. Nf3 e6 5. Be2 Nd7 6. O-O Bg6 7. Nbd2 Nh6 8. c3
Be7 9. Nb3 O-O 10. Bd2 Nf5 11. g4 Nh6 12. h3 c5 13. Be3 c4 14. Nc1 Kh8 15. Qd2
Ng8 16. Nh2 f5 17. Bd1 b5 18. Ne2 Rb8 19. Nf4 Qb6 20. Nxg6+ hxg6 21. g5 Bd8 22.
h4 Ne7 23. Kg2 Kg8 24. Rh1 Kf7 25. Nf1 Rh8 26. a3 Bc7 27. Bf4 a5 28. Ng3 b4 29.
axb4 axb4 30. Ne2 b3 31. Bg3 Qc6 32. Nf4 Ra8 33. Rxa8 Qxa8 34. Bf3 Qc8 35. Qe2
Qa8 36. h5 Nf8 37. Qxc4 dxc4 38. Bxa8 gxh5 39. Nxh5 Nfg6 40. Bf3 Nd5 41. Bxd5
exd5 42. e6+ Kxe6 43. Nxg7+ Kd7 44. Rxh8 Nxh8 45. Bxc7 Kxc7 46. Nxf5 Kd7 47.
Kg3 Ke6 48. Kg4 Ng6 49. f4 Nf8 50. Ne3 Nd7 51. f5+ Kd6 52. Kh5 Nb6 53. Kh6 Na4
54. Nd1 Kc6 55. g6 Kb5 56. g7 Nb6 57. g8=Q Ka4 58. f6 Nd7 59. Qe8 Ka5 60. Qxd7
1-0

[Event "European Youth Chess Championship G18"]
[Site "Prague, Top Hotel Prague"]
[Date "2016.08.21"]
[Round "4.17"]
[White "Asatryan, Sona"]
[Black "Gitu, Paula-Alexandra"]
[Result "1-0"]
[WhiteElo "1857"]
[BlackElo "2012"]
[PlyCount "65"]
[EventDate "2016.08.18"]

1. e4 d6 2. d4 Nf6 3. Nc3 e5 4. Nf3 Nbd7 5. Bc4 Be7 6. O-O O-O 7. a4 c6 8. Qe2
b6 9. Rd1 Qc7 10. Be3 Bb7 11. Bb3 a6 12. dxe5 dxe5 13. Nh4 Bc5 14. Nf5 Bxe3 15.
Qxe3 Nc5 16. Nxg7 Ne8 17. Nf5 Nxb3 18. cxb3 Bc8 19. Rd3 Bxf5 20. exf5 f6 21.
Rad1 Rf7 22. Ne4 Ng7 23. Qf3 Raf8 24. Ng3 Kh8 25. Rd6 c5 26. Qd3 Kg8 27. Qxa6
Rb8 28. Qc4 Rbf8 29. Qb5 Ne8 30. Rd7 Qc8 31. Rxf7 Kxf7 32. Rd7+ Kg8 33. Qc4+
1-0

[Event "European Youth Chess Championship G18"]
[Site "Prague, Top Hotel Prague"]
[Date "2016.08.21"]
[Round "4.18"]
[White "Dai, Irmak"]
[Black "Kyrkjebo, Hanna B"]
[Result "1-0"]
[WhiteElo "1806"]
[BlackElo "1999"]
[PlyCount "133"]
[EventDate "2016.08.18"]

1. e4 e5 2. Nf3 Nc6 3. Bb5 a6 4. Ba4 Nf6 5. O-O b5 6. Bb3 Be7 7. Re1 d6 8. c3
O-O 9. h3 Na5 10. Bc2 c5 11. d4 Qc7 12. Nbd2 cxd4 13. cxd4 Rd8 14. Nf1 exd4 15.
Nxd4 d5 16. e5 Ne4 17. f3 Bc5 18. Be3 Nc4 19. Qe2 Nxe3 20. Qxe3 Bb7 21. Rac1
Qb6 22. Red1 Ng5 23. Bf5 Ne6 24. Bxe6 fxe6 25. Ng3 Rac8 26. Nge2 Rd7 27. Rc2
Rdc7 28. Rdc1 Bxd4 29. Qxd4 Qxd4+ 30. Nxd4 Rxc2 31. Rxc2 Kf7 32. Rxc8 Bxc8 33.
b4 Ke7 34. Kf2 Kd7 35. Kg3 Ke7 36. Kg4 Kf7 37. h4 Bd7 38. Nb3 Bc8 39. Kg5 Bd7
40. Nc5 Bc8 41. g4 Kg8 42. Nb3 Bd7 43. Nd4 h6+ 44. Kf4 Kf7 45. Kg3 Ke7 46. Nb3
Bc6 47. Nc5 d4 48. Kf2 Bd5 49. a3 a5 50. bxa5 Kd8 51. a6 Kc7 52. a7 Kb6 53.
Nxe6 Kxa7 54. Nxg7 d3 55. Ke3 d2 56. Kxd2 Bxf3 57. g5 hxg5 58. hxg5 Kb7 59. e6
Kc7 60. e7 Bc6 61. e8=Q Bxe8 62. Nxe8+ Kd7 63. Nf6+ Ke6 64. Kc3 Kf5 65. Ne4 Kg6
66. Kb4 Kf5 67. Kxb5 1-0

[Event "European Youth Chess Championship G18"]
[Site "Prague, Top Hotel Prague"]
[Date "2016.08.21"]
[Round "4.19"]
[White "Rodionova, Daria"]
[Black "Suchomelova, Simona"]
[Result "1-0"]
[WhiteElo "2279"]
[BlackElo "1838"]
[PlyCount "83"]
[EventDate "2016.08.18"]

1. e4 e6 2. d4 d5 3. e5 c5 4. c3 Nc6 5. Nf3 Qb6 6. a3 c4 7. Nbd2 Na5 8. Be2 Bd7
9. O-O Ne7 10. Rb1 Qc7 11. Ne1 O-O-O 12. g3 f5 13. h4 Kb8 14. Ng2 Nc8 15. Nf4
Nb6 16. Qe1 Re8 17. Bd1 g6 18. Nf3 Rg8 19. Ng5 Bc8 20. h5 h6 21. Nxg6 hxg5 22.
Bxg5 Qh7 23. Qe3 Nc6 24. Kg2 Ne7 25. Nxf8 Rexf8 26. Qf4 Rxg5 27. Qxg5 f4 28.
Bg4 fxg3 29. fxg3 Qe4+ 30. Kh3 Rg8 31. Qf4 Qh7 32. Rbe1 Nf5 33. Bxf5 Qxh5+ 34.
Qh4 Qxh4+ 35. gxh4 exf5 36. e6 Re8 37. h5 Rxe6 38. Rxe6 Bxe6 39. Re1 Bf7 40. h6
Bg6 41. Re6 Bh7 42. Re7 1-0

[Event "European Youth Chess Championship G18"]
[Site "Prague, Top Hotel Prague"]
[Date "2016.08.21"]
[Round "4.20"]
[White "Maric, Sara"]
[Black "Buiza, Prieto Eihartze"]
[Result "0-1"]
[WhiteElo "1829"]
[BlackElo "2085"]
[PlyCount "90"]
[EventDate "2016.08.18"]

1. d4 Nf6 2. c4 c5 3. d5 e6 4. Nc3 exd5 5. cxd5 Bd6 6. Nf3 Bc7 7. e3 O-O 8. Bc4
d6 9. O-O a6 10. a4 Re8 11. b3 Nbd7 12. Bb2 Rb8 13. Re1 Nf8 14. h3 Bd7 15. Qe2
Ng6 16. Nd2 Ba5 17. Red1 b5 18. axb5 Bxc3 19. Bxc3 axb5 20. Bd3 Nf4 21. Qf1
N4xd5 22. Nb1 Bc6 23. Bxf6 Qxf6 24. Na3 Nc3 25. Rdc1 d5 26. Nb1 b4 27. Ra5 Qd8
28. Ra1 d4 29. Nxc3 bxc3 30. Bc4 Bd5 31. exd4 cxd4 32. Rd1 Be4 33. Ra7 Rf8 34.
Qe2 c2 35. Rda1 Qg5 36. Qxe4 c1=Q+ 37. Rxc1 Qxc1+ 38. Kh2 Rbd8 39. Qf3 Qh6 40.
Bxf7+ Kh8 41. Qg4 d3 42. b4 d2 43. Bb3 Qf4+ 44. Qxf4 Rxf4 45. f3 Rxb4 0-1

[Event "European Youth Chess Championship G18"]
[Site "Prague, Top Hotel Prague"]
[Date "2016.08.21"]
[Round "4.21"]
[White "Sajjadi, Kimiya"]
[Black "Auvray, Honorine"]
[Result "1/2-1/2"]
[WhiteElo "1828"]
[BlackElo "2042"]
[PlyCount "136"]
[EventDate "2016.08.18"]

1. d4 g6 2. Nf3 Bg7 3. c4 c5 4. Nc3 cxd4 5. Nxd4 Nc6 6. e3 d6 7. Be2 Nf6 8. O-O
O-O 9. Nxc6 bxc6 10. e4 Qb6 11. Rb1 Bb7 12. Qc2 Rac8 13. Be3 Qc7 14. Bf4 e5 15.
Bg5 h6 16. Bxf6 Bxf6 17. Qd3 Bg7 18. Qe3 Ba8 19. Rfd1 Rcd8 20. Bf3 f5 21. Rd3
f4 22. Qd2 Bf6 23. Rd1 Be7 24. b3 Kg7 25. Qe2 Bb7 26. Qb2 Bc8 27. Na4 g5 28. h3
Be6 29. c5 Kf6 30. Qc3 Rh8 31. cxd6 Rxd6 32. Rxd6 Bxd6 33. Bh5 Rc8 34. Nc5 Bxc5
35. Qxc5 Qb6 36. Qd6 c5 37. Bg4 Re8 38. Qd3 Bxg4 39. hxg4 Qe6 40. Qd6 Rc8 41.
Qxe6+ Kxe6 42. Rc1 Kd6 43. Kf1 Kc6 44. Ke2 Kb5 45. Rd1 c4 46. Rd5+ Rc5 47.
bxc4+ Kxc4 48. Rd6 Ra5 49. Rd2 Kb4 50. Kd1 Kc3 51. Kc1 Ra4 52. f3 Rd4 53. Rc2+
Kd3 54. Rb2 Rc4+ 55. Kd1 a5 56. Rd2+ Ke3 57. Re2+ Kd4 58. Rd2+ Kc3 59. Rc2+ Kb4
60. Rb2+ Kc5 61. Kd2 Rd4+ 62. Ke2 Rb4 63. Rc2+ Rc4 64. Rd2 Rc1 65. Rd5+ Kb4 66.
Rd2 Rg1 67. Kd3 Rb1 68. Kc2 Rg1 1/2-1/2

[Event "European Youth Chess Championship G18"]
[Site "Prague, Top Hotel Prague"]
[Date "2016.08.21"]
[Round "4.22"]
[White "Sarnovska, Eira"]
[Black "Kassay, Lilla"]
[Result "0-1"]
[WhiteElo "1719"]
[BlackElo "2034"]
[PlyCount "56"]
[EventDate "2016.08.18"]

1. Nf3 c5 2. c4 g6 3. g3 Nc6 4. Nc3 Bg7 5. Bg2 e6 6. O-O Nge7 7. d3 O-O 8. a3
d5 9. Qc2 Bd7 10. Rb1 Rc8 11. Rd1 Nd4 12. Nxd4 cxd4 13. Na2 Qc7 14. Qb3 dxc4
15. Qxc4 Qe5 16. Qb4 Qxe2 17. Bd2 Nd5 18. Qxb7 Bc6 19. Qa6 Ne3 20. Re1 Qxd2 21.
Bxc6 Ng4 22. Rf1 Bh6 23. Nb4 Be3 24. Rbc1 Bxf2+ 25. Kh1 Qh6 26. h4 Bxg3 27. Kg2
Qxh4 28. Rh1 Ne3+ 0-1

[Event "European Youth Chess Championship G18"]
[Site "Prague, Top Hotel Prague"]
[Date "2016.08.21"]
[Round "4.23"]
[White "Naghiyeva, Khayala"]
[Black "Salahidou, Reveka"]
[Result "1-0"]
[WhiteElo "1663"]
[BlackElo "1968"]
[PlyCount "73"]
[EventDate "2016.08.18"]

1. e4 c5 2. c3 Nf6 3. e5 Nd5 4. d4 cxd4 5. Qxd4 e6 6. Nf3 Nc6 7. Qg4 Qc7 8. Qg3
b6 9. Nbd2 Nde7 10. Bd3 h6 11. Nc4 Nd5 12. Nd6+ Ke7 13. Be4 Nxe5 14. Nxc8+ Rxc8
15. Qxe5 d6 16. Qd4 Nf6 17. O-O g6 18. Re1 Bg7 19. Be3 Rhd8 20. Rad1 Kf8 21.
Bxh6 e5 22. Bxg7+ Kxg7 23. Qd2 d5 24. Bb1 e4 25. Nd4 Rh8 26. g3 Qd7 27. f3 Rce8
28. Qg2 exf3 29. Nxf3 Ng4 30. Qd2 Rd8 31. Bc2 Rh5 32. Qd4+ f6 33. Re2 Nh6 34.
Nh4 Rg5 35. Rde1 Qh3 36. Re7+ Nf7 37. R1e6 1-0

[Event "European Youth Chess Championship G18"]
[Site "Prague, Top Hotel Prague"]
[Date "2016.08.21"]
[Round "4.24"]
[White "Olechnicka, Karolina"]
[Black "Yolal, Sena Gokcen"]
[Result "1-0"]
[WhiteElo "1913"]
[BlackElo "1646"]
[PlyCount "143"]
[EventDate "2016.08.18"]

1. e4 c5 2. Nf3 Nc6 3. d4 cxd4 4. Nxd4 Nf6 5. Nc3 e5 6. Ndb5 d6 7. Bg5 a6 8.
Na3 b5 9. Nd5 Be7 10. Bxf6 Bxf6 11. Nxf6+ Qxf6 12. c3 O-O 13. Nc2 Qg6 14. f3
Ne7 15. Qd2 Rd8 16. Bd3 Be6 17. a4 Bc4 18. axb5 axb5 19. O-O Qe6 20. Rxa8 Rxa8
21. Na3 d5 22. Bxc4 dxc4 23. Rd1 Qb6+ 24. Qf2 Qc6 25. Qa7 Ng6 26. Qd7 Qb6+ 27.
Kf1 Rb8 28. Qd6 Qa7 29. g3 h6 30. Ke2 Rb6 31. Qc5 Qb7 32. Nc2 Ra6 33. Nb4 Ra8
34. h4 h5 35. Qd6 Re8 36. Qc6 Qxc6 37. Nxc6 Re6 38. Nd8 Rb6 39. Rd7 Nh8 40. Ke3
b4 41. cxb4 Rxb4 42. Rb7 Ra4 43. Nc6 Ng6 44. Rb8+ Kh7 45. Rb4 c3 46. Nxe5 cxb2
47. Nxf7 Ra3+ 48. Kd2 Ra2 49. Kc2 Kg8 50. Ne5 Ne7 51. Rb8+ Kh7 52. Re8 Ra7 53.
Kb3 Ng8 54. Nd3 Nf6 55. Re6 Ra5 56. Rd6 Rb5+ 57. Kc3 Rb7 58. Nf4 Rb5 59. Nd5
Ne8 60. Re6 Rb8 61. Kd4 Rd8 62. Ke3 Nd6 63. Re7 Kg8 64. Nf4 Nc4+ 65. Kf2 Kf8
66. Rc7 Rd2+ 67. Ke1 Rc2 68. Nxh5 Rc1+ 69. Ke2 Ke8 70. Nxg7+ Kd8 71. Ne6+ Ke8
72. h5 1-0

[Event "European Youth Chess Championship G18"]
[Site "Prague, Top Hotel Prague"]
[Date "2016.08.21"]
[Round "4.25"]
[White "Gur, Tuba"]
[Black "Poliakova, Emma"]
[Result "0-1"]
[WhiteElo "1717"]
[BlackElo "1912"]
[PlyCount "146"]
[EventDate "2016.08.18"]

1. d4 d5 2. c4 c6 3. e3 Nf6 4. Nc3 e6 5. Nf3 Nbd7 6. Bd3 dxc4 7. Bxc4 b5 8. Be2
Bb7 9. O-O Be7 10. Qc2 O-O 11. Rd1 Rc8 12. b3 a6 13. a4 Qc7 14. Bb2 Rfd8 15.
Rac1 Bd6 16. Bd3 Qb8 17. h3 bxa4 18. Nxa4 c5 19. dxc5 Bxf3 20. gxf3 Nxc5 21.
Nxc5 Rxc5 22. Bc4 Rg5+ 23. Kf1 a5 24. Bxf6 gxf6 25. Rd4 Bb4 26. Rxd8+ Qxd8 27.
Bd3 Kg7 28. Be2 Qd6 29. Qc7 Qd5 30. Bc4 Qf5 31. h4 Qh3+ 32. Ke2 Rg2 33. Rf1 Qh2
34. Qxh2 Rxh2 35. Rg1+ Kf8 36. Bd3 Rxh4 37. Rg4 Rh1 38. f4 f5 39. Rg2 h5 40.
Kf3 Be7 41. Ke2 h4 42. e4 fxe4 43. Bxe4 Rc1 44. Bd3 Rc3 45. Bh7 Bd8 46. Rg8+
Ke7 47. Rg7 Kf6 48. Rg4 h3 49. Rg3 h2 50. Be4 Rxg3 51. fxg3 Bb6 52. g4 Ke7 53.
Kd3 Kd6 54. Bf3 Kc5 55. Ke3 Bc7 56. f5 Be5 57. Kd3 Bf6 58. fxe6 fxe6 59. Be4
Kd6 60. Ke3 Ke5 61. Bf3 Bg5+ 62. Ke2 Kd4 63. Kf2 Kc3 64. Kg2 Kxb3 65. Kxh2 a4
66. Bc6 a3 67. Bd7 e5 68. Kg3 a2 69. Be6+ Kb2 70. Bxa2 Kxa2 71. Kf3 Kb3 72. Ke4
Bf6 73. g5 Bh8 0-1

[Event "European Youth Chess Championship G18"]
[Site "Prague, Top Hotel Prague"]
[Date "2016.08.21"]
[Round "4.26"]
[White "Weis, Olga"]
[Black "Reid, Caitlin"]
[Result "1-0"]
[WhiteElo "1895"]
[BlackElo "1439"]
[PlyCount "67"]
[EventDate "2016.08.18"]

1. e4 c5 2. Nf3 d6 3. d4 cxd4 4. Nxd4 Nf6 5. f3 e5 6. Bb5+ Bd7 7. Bxd7+ Nbxd7
8. Nf5 Nb6 9. Bg5 d5 10. Nc3 d4 11. Ne2 g6 12. Nh6 Be7 13. Qd3 Rc8 14. Qb5+
Nfd7 15. Qb3 Rc4 16. Bxe7 Qxe7 17. Ng4 O-O 18. c3 d3 19. Nc1 Nc5 20. Qd1 Rd8
21. Qd2 Ra4 22. b3 Ra6 23. O-O Qc7 24. Nf2 Nc8 25. Rd1 Rad6 26. Ng4 Qb6 27. Kh1
f6 28. Ne3 Qa6 29. Nd5 Nb6 30. Nc7 Qa5 31. b4 Qa3 32. bxc5 Nc4 33. Qf2 R6d7 34.
Nd5 1-0

[Event "European Youth Chess Championship G18"]
[Site "Prague, Top Hotel Prague"]
[Date "2016.08.21"]
[Round "4.27"]
[White "Weaver, Lauren"]
[Black "Silva, Mariana Sofia T"]
[Result "1-0"]
[WhiteElo "1552"]
[BlackElo "1757"]
[PlyCount "95"]
[EventDate "2016.08.18"]

1. d4 Nf6 2. Nf3 g6 3. Nc3 d5 4. Bf4 Bg7 5. Qd2 Ne4 6. Nxe4 dxe4 7. Ne5 Be6 8.
e3 O-O 9. Be2 Nd7 10. Nxd7 Qxd7 11. O-O c5 12. Rfd1 Rfd8 13. Qa5 b6 14. Qa3
cxd4 15. exd4 Rac8 16. c3 Bc4 17. Bxc4 Rxc4 18. Re1 Qf5 19. Qxe7 Rdc8 20. Qxe4
Qb5 21. Re2 a5 22. Rae1 Qd7 23. h3 b5 24. Qe7 Qc6 25. Qd6 h5 26. Qxc6 R4xc6 27.
Re8+ Kh7 28. Rxc8 Rxc8 29. Re7 Kg8 30. Bc7 Ra8 31. d5 Bf6 32. Re4 Kh7 33. g4
hxg4 34. hxg4 g5 35. f4 gxf4 36. Bxf4 Rd8 37. g5 Rg8 38. Kf2 Bxg5 39. Bxg5 Rxg5
40. d6 Rf5+ 41. Ke3 Rd5 42. Rd4 Re5+ 43. Kf4 Re8 44. d7 Rd8 45. Ke5 f5 46. Kxf5
Kg7 47. Ke6 Kf8 48. Rf4+ 1-0

[Event "European Youth Chess Championship G18"]
[Site "Prague, Top Hotel Prague"]
[Date "2016.08.21"]
[Round "4.28"]
[White "Pilsan, Martha"]
[Black "Sit, Victoria"]
[Result "0-1"]
[WhiteElo "1640"]
[BlackElo "1697"]
[PlyCount "114"]
[EventDate "2016.08.18"]

1. e4 c5 2. Nf3 Nc6 3. d4 cxd4 4. Nxd4 Qc7 5. Nc3 e6 6. Be3 a6 7. Qd2 Nf6 8.
O-O-O b5 9. Nxc6 Qxc6 10. f3 b4 11. Ne2 e5 12. Kb1 a5 13. Ng3 g6 14. Bg5 a4 15.
Bxf6 Qxf6 16. Bb5 Ra7 17. Qe3 Rc7 18. Bxa4 Bc5 19. Qd2 O-O 20. Ne2 d6 21. Nc1
Be6 22. Bb3 Ra7 23. Bd5 Bxd5 24. Qxd5 Rfa8 25. Qb3 Qg5 26. g3 Be3 27. Rxd6 Bxc1
28. Rxc1 Rxa2 29. Qxa2 Rxa2 30. f4 Rxb2+ 31. Kxb2 exf4 32. Rd5 Qf6+ 33. e5 Qc6
34. Rd3 fxg3 35. hxg3 Qe4 36. Kb3 Qxe5 37. Kxb4 Qb2+ 38. Rb3 Qxc1 39. c4 Qe1+
40. Kb5 Qe8+ 41. Kb4 Qc6 42. c5 h5 43. Kc4 Qe6+ 44. Kb4 Qd5 45. Rc3 Qc6 46. Kc4
Kf8 47. Rb3 Qe6+ 48. Kb4 Ke7 49. Rc3 Qc6 50. Re3+ Kd7 51. Rd3+ Ke6 52. Kc4 Qa6+
53. Kd4 Qa4+ 54. Ke3 Ke5 55. Ke2 Qc2+ 56. Rd2 Qxc5 57. Rd3 Ke4 0-1

[Event "European Youth Chess Championship G18"]
[Site "Prague, Top Hotel Prague"]
[Date "2016.08.21"]
[Round "4.29"]
[White "Temmerman, Sara"]
[Black "Jerabkova, Julia"]
[Result "0-1"]
[WhiteElo "1631"]
[BlackElo "1571"]
[PlyCount "126"]
[EventDate "2016.08.18"]

1. e4 e6 2. d4 d5 3. Nc3 Bb4 4. exd5 exd5 5. Bd3 Ne7 6. Nge2 O-O 7. Bf4 Be6 8.
O-O Nd7 9. a3 Bxc3 10. Nxc3 Ng6 11. Bg3 Nf6 12. Re1 Bd7 13. h3 c6 14. Re3 Qb6
15. Bxg6 fxg6 16. Na4 Qd8 17. Bh4 Qc8 18. Bxf6 Rxf6 19. Re7 Kf8 20. Qe2 Be6 21.
Rxe6 Qxe6 22. Qd2 b6 23. Re1 Qf7 24. Qb4+ Kg8 25. Re2 Re8 26. Qd2 Rxe2 27. Qxe2
Qe6 28. Qd2 Rf7 29. Kf1 Qf6 30. g3 g5 31. Nc3 h5 32. Qe3 h4 33. Ne2 Qf3 34.
Qxf3 Rxf3 35. Kg2 Rf7 36. Ng1 Re7 37. Kf1 c5 38. dxc5 bxc5 39. Nf3 hxg3 40.
fxg3 Rf7 41. Ke2 Rb7 42. b3 Kf7 43. Nxg5+ Kf6 44. Nf3 a5 45. Kd3 g5 46. g4 Rh7
47. Ng1 Ke5 48. Ke3 a4 49. bxa4 Ra7 50. Nf3+ Kf6 51. h4 gxh4 52. Nxh4 Rxa4 53.
Ng2 Kg5 54. Kd2 Kxg4 55. Ne3+ Kf3 56. Nxd5 Rd4+ 57. Kc3 Rxd5 58. Kc4 Rh5 59. a4
Ke3 60. Kb5 Kd2 61. c4 Kc3 62. a5 Kd4 63. a6 Rh7 0-1

[Event "European Youth Chess Championship G18"]
[Site "Prague, Top Hotel Prague"]
[Date "2016.08.21"]
[Round "4.30"]
[White "Pokorna, Jana"]
[Black "Ajanovic, Berina"]
[Result "0-1"]
[WhiteElo "1630"]
[BlackElo "1377"]
[PlyCount "128"]
[EventDate "2016.08.18"]

1. e4 c5 2. Nf3 Nc6 3. d4 cxd4 4. Nxd4 g6 5. Be3 Bg7 6. Nc3 Nf6 7. Be2 Qa5 8.
O-O O-O 9. Nb3 Qd8 10. Qd2 d6 11. Bh6 Bd7 12. Bxg7 Kxg7 13. Rfe1 Rc8 14. Rad1
a6 15. Bf1 Re8 16. Nd5 Nxd5 17. Qxd5 Be6 18. Qd2 Qb6 19. a3 Bxb3 20. Qc3+ Nd4
21. Qxd4+ Qxd4 22. Rxd4 Bxc2 23. Rb4 b5 24. a4 Bxa4 25. b3 a5 26. Rd4 Bxb3 27.
Bxb5 Red8 28. Ra1 Ra8 29. Rd3 Bc2 30. Re3 Rdb8 31. Bf1 a4 32. f3 Rb3 33. Ree1
a3 34. Rec1 Rb2 35. Bc4 Ra4 36. Ba2 Kf6 37. Rxc2 Rxc2 38. Bb3 Rcc4 39. Bxc4
Rxc4 40. Rxa3 Rc2 41. Rd3 Ke5 42. g3 f5 43. f4+ Kxe4 44. Rd1 Re2 45. Ra1 Kf3
46. Ra3+ Re3 47. Ra1 d5 48. Rf1+ Ke4 49. Rd1 d4 50. Kf2 d3 51. Kf1 Re2 52. h3
Ke3 53. Kg1 d2 54. Kf1 Rh2 55. Kg1 Ke2 56. Rxd2+ Kxd2 57. Kxh2 Ke2 58. Kg2 h5
59. h4 e6 60. Kh3 Kf3 61. Kh2 Kf2 62. Kh3 Kg1 63. g4 fxg4+ 64. Kg3 Kh1 0-1

[Event "European Youth Chess Championship G18"]
[Site "Prague, Top Hotel Prague"]
[Date "2016.08.22"]
[Round "5.1"]
[White "Khomeriki, Nino"]
[Black "Kubicka, Anna"]
[Result "1/2-1/2"]
[WhiteElo "2338"]
[BlackElo "2209"]
[PlyCount "110"]
[EventDate "2016.08.18"]

1. Nf3 g6 2. g3 Bg7 3. Bg2 e5 4. d3 d5 5. Nbd2 Ne7 6. e4 d4 7. Nc4 Nec6 8. a4
Na6 9. Bd2 Be6 10. O-O O-O 11. Ne1 Rb8 12. f4 exf4 13. Bxf4 Bxc4 14. dxc4 Ne5
15. Nf3 Nxc4 16. Qd3 Ne3 17. Bxe3 dxe3 18. Qxe3 Bxb2 19. Rab1 Bf6 20. Kh1 c5
21. e5 Qe7 22. Rbe1 Bg7 23. e6 Qxe6 24. Qxe6 fxe6 25. Rxe6 Nb4 26. Re7 Rfe8 27.
Rc7 Rec8 28. Rd7 Rd8 29. Rc7 Nxc2 30. Bh3 Rf8 31. Ng5 Nd4 32. Bg2 Rxf1+ 33.
Bxf1 h6 34. Bc4+ Kh8 35. Nf7+ Kh7 36. Rxc5 Nc6 37. Rd5 Re8 38. Kg2 Re4 39. Bb5
Rd4 40. Rxd4 Nxd4 41. Bd3 Bf8 42. Ne5 Kg7 43. Nxg6 Bd6 44. Nh4 a6 45. Nf5+ Nxf5
46. Bxf5 b5 47. axb5 axb5 48. Bc2 Kf6 49. Kf3 Ke5 50. Kg4 Bc5 51. h4 Be3 52.
Kh5 b4 53. g4 Kd4 54. g5 hxg5 55. hxg5 Bxg5 1/2-1/2

[Event "European Youth Chess Championship G18"]
[Site "Prague, Top Hotel Prague"]
[Date "2016.08.22"]
[Round "5.2"]
[White "Vidic, Teja"]
[Black "Diakonova, Ekaterina"]
[Result "1/2-1/2"]
[WhiteElo "2149"]
[BlackElo "2172"]
[PlyCount "51"]
[EventDate "2016.08.18"]

1. e4 c6 2. d4 d5 3. exd5 cxd5 4. c4 Nf6 5. Nc3 g6 6. Qb3 Bg7 7. cxd5 O-O 8.
Be2 Na6 9. Bf3 Qb6 10. Qxb6 axb6 11. Nge2 Nb4 12. O-O Rd8 13. d6 Rxd6 14. Bf4
Rd7 15. Rfd1 Nbd5 16. Be5 Rd8 17. h3 Be6 18. a3 Nxc3 19. Nxc3 Nd5 20. Bxg7 Kxg7
21. Rac1 Nxc3 22. Rxc3 Bd5 23. Bxd5 Rxd5 24. Re1 Rd7 25. Rb3 Ra4 26. Rxb6
1/2-1/2

[Event "European Youth Chess Championship G18"]
[Site "Prague, Top Hotel Prague"]
[Date "2016.08.22"]
[Round "5.3"]
[White "Trippold, Denise"]
[Black "Drogovoz, Irina"]
[Result "1/2-1/2"]
[WhiteElo "2066"]
[BlackElo "2126"]
[PlyCount "75"]
[EventDate "2016.08.18"]

1. d4 Nf6 2. c4 e6 3. g3 d5 4. Bg2 dxc4 5. Nf3 Bb4+ 6. Nbd2 c6 7. Qc2 b5 8. b3
cxb3 9. axb3 O-O 10. Bb2 Bb7 11. Ne5 Nd5 12. O-O Nd7 13. Nd3 Be7 14. Ne4 Nb4
15. Nxb4 Bxb4 16. Ba3 Qe7 17. Nc5 Bxa3 18. Rxa3 Nxc5 19. dxc5 Rfd8 20. Raa1 g6
21. h4 h5 22. Be4 Kh7 23. Bf3 Kg8 24. Be4 Kh7 25. Rfd1 Rxd1+ 26. Rxd1 Rd8 27.
Kg2 Kg7 28. Qc3+ Kg8 29. Rxd8+ Qxd8 30. Qf3 a5 31. Bxc6 Bxc6 32. Qxc6 a4 33.
bxa4 bxa4 34. Qb7 a3 35. c6 Qd5+ 36. f3 a2 37. Qb8+ Kh7 38. Qa7 1/2-1/2

[Event "European Youth Chess Championship G18"]
[Site "Prague, Top Hotel Prague"]
[Date "2016.08.22"]
[Round "5.4"]
[White "Paolillo, Gaia"]
[Black "Osmak, Iulija"]
[Result "0-1"]
[WhiteElo "2109"]
[BlackElo "2344"]
[PlyCount "74"]
[EventDate "2016.08.18"]

1. Nf3 d5 2. c4 c6 3. e3 Nf6 4. d4 g6 5. Nc3 Bg7 6. Be2 O-O 7. O-O Be6 8. Ne5
Nfd7 9. cxd5 cxd5 10. f4 Nc6 11. Bf3 Nb6 12. b3 Nxe5 13. fxe5 f6 14. exf6 exf6
15. Bd2 Re8 16. Rc1 a6 17. Kh1 Bf7 18. a4 f5 19. a5 Nc8 20. Na4 Rb8 21. Qc2 Nd6
22. Qc7 Qxc7 23. Rxc7 Nb5 24. Rc5 Bf8 25. Rcc1 Bh6 26. Rfe1 Nxd4 27. Nc5 Nxf3
28. gxf3 Re7 29. f4 Rbe8 30. Kg1 Bg7 31. Kf1 d4 32. exd4 Bxd4 33. b4 Bd5 34.
Nd3 Rxe1+ 35. Nxe1 Bc6 36. Rd1 Ba4 37. Rc1 Bb5+ 0-1

[Event "European Youth Chess Championship G18"]
[Site "Prague, Top Hotel Prague"]
[Date "2016.08.22"]
[Round "5.5"]
[White "Unuk, Laura"]
[Black "Chanturia, Ani"]
[Result "1-0"]
[WhiteElo "2240"]
[BlackElo "1737"]
[PlyCount "55"]
[EventDate "2016.08.18"]

1. d4 Nf6 2. c4 g6 3. Nc3 Bg7 4. e4 d6 5. f3 O-O 6. Bg5 c5 7. d5 Nbd7 8. Nh3 a6
9. a4 h6 10. Be3 Ne5 11. Nf2 e6 12. Qd2 Kh7 13. Be2 Qe7 14. O-O Ne8 15. f4 Nd7
16. dxe6 fxe6 17. Rad1 b6 18. Bd3 e5 19. Nd5 Qd8 20. f5 g5 21. Be2 Bb7 22. Bh5
Ndf6 23. Bg6+ Kh8 24. h4 Nxd5 25. exd5 Bf6 26. Ne4 Be7 27. hxg5 Bxg5 28. Bxg5
1-0

[Event "European Youth Chess Championship G18"]
[Site "Prague, Top Hotel Prague"]
[Date "2016.08.22"]
[Round "5.6"]
[White "Georgescu, Lena"]
[Black "Keetman, Maaike"]
[Result "0-1"]
[WhiteElo "2174"]
[BlackElo "2101"]
[PlyCount "96"]
[EventDate "2016.08.18"]

1. e4 c5 2. Nc3 Nc6 3. Nge2 e6 4. g3 Nf6 5. Bg2 a6 6. O-O Be7 7. d4 cxd4 8.
Nxd4 Qc7 9. a4 O-O 10. Nde2 d6 11. h3 b6 12. Be3 Bb7 13. g4 d5 14. exd5 Rad8
15. Nf4 Nb4 16. Qe2 exd5 17. Bxb6 Qxb6 18. Qxe7 Nxc2 19. a5 Qxb2 20. Rab1 Qxc3
21. Rxb7 Qxa5 22. g5 Ne4 23. Nxd5 Rxd5 24. Qxe4 Rxg5 25. Rc1 Nd4 26. h4 Qd2 27.
Rcc7 Ne2+ 28. Kh2 Qd6+ 29. f4 Nxf4 30. hxg5 Ne6+ 31. Kh1 Nxc7 32. Qc6 Qxc6 33.
Bxc6 Ne6 34. g6 hxg6 35. Ra7 Nc5 36. Bd5 Nd3 37. Bc4 Ne5 38. Bxa6 f6 39. Bb7
Kh7 40. Bd5 Kh6 41. Kg2 Rd8 42. Bb3 Rd2+ 43. Kf1 g5 44. Ra8 g4 45. Ra2 Rxa2 46.
Bxa2 Kg5 47. Kg2 Kh4 48. Bd5 f5 0-1

[Event "European Youth Chess Championship G18"]
[Site "Prague, Top Hotel Prague"]
[Date "2016.08.22"]
[Round "5.7"]
[White "Narva, Mai"]
[Black "Janska, Jitka"]
[Result "1/2-1/2"]
[WhiteElo "2202"]
[BlackElo "2052"]
[PlyCount "106"]
[EventDate "2016.08.18"]

1. e4 e5 2. Nf3 Nc6 3. Bc4 Nf6 4. d3 Be7 5. O-O O-O 6. Re1 d6 7. a4 Bd7 8. a5
a6 9. c3 Qc8 10. Nbd2 Be6 11. Qb3 Bxc4 12. Nxc4 Rb8 13. Ne3 g6 14. Qc4 Re8 15.
Nd5 Nxd5 16. exd5 Nd8 17. d4 f6 18. b4 Nf7 19. Qd3 Qd7 20. c4 Bf8 21. Bb2 Bg7
22. Rad1 Rbd8 23. Qc2 Re7 24. c5 Rde8 25. c6 Qc8 26. Qc4 e4 27. Nd2 f5 28. b5
axb5 29. Qxb5 bxc6 30. dxc6 Qb8 31. Qb7 Qa8 32. Ra1 Rb8 33. a6 Nd8 34. Qxa8
Rxa8 35. Rec1 Bh6 36. Rc2 Bxd2 37. Rxd2 Nxc6 38. Bc3 d5 39. Rb2 Kf7 40. Rb7 Nd8
41. Rbb1 Re6 42. a7 Rb6 43. Rxb6 cxb6 44. Ra6 Ke8 45. h4 Nc6 46. Rxb6 Nxa7 47.
Re6+ Kd7 48. Ra6 Kc8 49. Ba5 Kb7 50. Rb6+ Kc8 51. Ra6 Kb7 52. Rb6+ Kc8 53. Ra6
Kb7 1/2-1/2